Países europeos con crecimiento demográfico positivo en 2100 - Estadísticas

Estadísticas generales
  • Esta prueba ha sido intentada 70 veces
    59 desde el último reinicio
  • La puntuación promedio es 9 de 13
Estadísticas de respuestas
Población Tasa de
crecimiento
País % Correcto
+0.01% Alemania
92%
+0.32% Suiza
87%
+0.32% Noruega
85%
+0.08% Bélgica
83%
+0.27% Suecia
83%
+0.48% Luxemburgo
77%
+0.20% Dinamarca
75%
+0.66% Monaco
74%
+0.00% San Marino
72%
+0.30% Liechtenstein
70%
+0.13% Ciudad del Vaticano
60%
+0.11% Reino Unido
4%
+0.09% Republica Checa
0%
No se encontraron pruebas coincidentes
Distribución de puntuación
Porcentaje de gente con cada puntuación
Porcentaje por número respondido
Historial de tus puntuaciones
No has intentado esta prueba desde el último reinicio